000
00220nam a22000977a 4500
041
_a
ENG
245
_a
Nikshaiit lavaniya a pani ke Sinchi ke liye upayoge
260
_a
Delhi
_b
ICER
_c
1986
650
_a
GAE
856
_u
GAE
999
_c
2637
_d
2637